Bayern - Quiz - Statistiken

Allgemein
  • Dieses Quiz wurde 15.618 mal gespielt
    15.468 seit der letzten Aktualisierung
  • Das Durchschnittsergebnis liegt bei 15 aus 20
Antwortstatistiken
Frage Antwort % Korrekt
Hauptstadt München
100%
Grenzt im Süden an dieses Land Österreich
97%
Gebirgkette im Süden Alpen
96%
Dessen Partei, die nur in Bayern aktiv ist CSU
95%
Grenzt im Osten an dieses Land Tschechien
95%
Längster Fluss Donau
93%
Größtes Volksfest der Welt Oktoberfest
93%
Höchster Berg Deutschlands Zugspitze
93%
Ministerpräsident Markus Söder
91%
Zweitgrößte Stadt und größte Stadt Frankens Nürnberg
90%
Schloss, das u.a. Disney als Vorbild dient Schloss Neuschwanstein
87%
Automarke aus Ingolstadt Audi
84%
Fußball-Rekordmeister der Herren FC Bayern München
84%
Größter See der ausschließlich in Bayern liegt, auch Bayerisches Meer genannt Chiemsee
68%
Stadt an der Grenze zu Österreich, wird auch "Dreiflüssestadt" genannt Passau
59%
Größtes Wissenschafts- und Technikmuseum der Welt Deutsches Museum München
39%
"Skandal im Sperrbezirk"-Band, benannt nach einem Elvis Presley-Song Spider Murphy Gang
38%
Bedeutendster Kaufherr Europas in 1500 Jakob Fugger
36%
König von Bayern, der im Starnberger See ertrank Ludwig II.
36%
Berühmter Augsburger Dramatiker und Begründer des Epischen Theaters (Dreigroschenoper) Bertolt Brecht
19%
Keine übereinstimmenden Quizze gefunden
Verteilung der Resultate
Anzahl Personen mit jedem Resultat
Perzentil nach korrekt beantworteten Fragen
Ihre Resultats-Entwicklung
Sie haben dieses Quiz seit der letzten Aktualisierung nicht gespielt